00480nam a2200193 a 4500001001300000003000900013005001700022008004100039020001000080082001600090100001800106245001800124260005400142300000900196500003500205505001600240650001200256700001800268nice12345678IN_TiNIC20260116011737.0050524s1969 hyda grp 000 0 urd  ac2.500a891.43bAFA aAfandi, Najam aBanda-E-Khuda aHyderabad bMarkazi Anjuman Taleemus Salat c1969 a120p aincludes index and biblioraphy2 aUrdu-Arabic aFiction1 aAfandi, Najam